00492nam a2200193 a 4500001001300000003000900013005001700022008004100039020001000080082001600090100002200106245002100128260003700149300000900186500003500195505002400230650002200254700002200276nice12345678IN_TiNIC20260116012551.0050524s1885 kana grp 000 0 urd  ac10000a891.41bMOM aMomin Khan, Momin aKulliyat-E-Momin aKanpurbNool Kishore Pressc1885 a291p aincludes index and biblioraphy2 aBibliography, Index aUrdu-Poetry-momin1 aMomin Khan, Momin